000
00293nam a22001337a 4500
008
170605b xxu||||| |||| 00| 0 eng d
020
_a
0313289557
041
_a
eng
080
_a
94
100
_a
18
101
_a
SHH
245
_a
MICRONESIAN RELIGION AND LORE
_c
HANYES.D
942
_2
udc
_c
BK
999
_c
15911
_d
15911